000
00252 a2200109 4500
003
Nust
005
20170207154223.0
040
_c
Nust
082
_a
371.33
245
_a
Five Steps Of Leadership (VHS-518)
440
_a
Five Steps Of Leadership (VHS-518)
538
_a
Duration 56-Mins
999
_c
195411
_d
195411